Alamedas de México/ (Record no. 108500)

MARC details
000 -LEADER
campo de control de longitud fija 02122nam a2200493 i 4500
001 - NÚMERO DE CONTROL
campo de control MOR01000108827
003 - IDENTIFICADOR DE NÚMERO DE CONTROL
campo de control $$amxdfmo
005 - FECHA Y HORA DE LA ÚLTIMA TRANSACCIÓN
campo de control 20260331231102.0
008 - DATOS DE LONGITUD FIJA--INFORMACIÓN GENERAL
campo de control de longitud fija 191016s2018 cmmaeo g bi 000 0 spa d
020 ## - NÚMERO INTERNACIONAL ESTÁNDAR DEL LIBRO
Número Internacional Estándar del Libro 9786078611232
035 ## - NÚMERO DE CONTROL DEL SISTEMA
Número de control de sistema 191806
040 ## - FUENTE DE CATALOGACIÓN
Centro catalogador/agencia de origen mxcmmo
Lengua de catalogación spa
Centro/agencia transcriptor mxcmmo
Normas de descripción rda
041 0# - CÓDIGO DE IDIOMA
Código de lengua del texto/banda sonora o título independiente spa
043 ## - CÓDIGO DE ÁREA GEOGRÁFICA
Código de área geográfica n-mx---
045 ## - PERIODO DE TIEMPO DEL CONTENIDO
Código de periodo de tiempo w2x6
082 04 - NÚMERO DE LA CLASIFICACIÓN DECIMAL DEWEY
Número de clasificación 712.5
Número de ítem ALA.d
245 00 - MENCIÓN DEL TÍTULO
Título Alamedas de México/
Mención de responsabilidad, etc. Eulalia Ribera Carbó (coordinadora) ; Diana Ramiro Esteban [y otros]
250 ## - MENCION DE EDICION
Mención de edición Primera edición
264 #1 - PRODUCCIÓN, PUBLICACIÓN, DISTRIBUCIÓN, FABRICACIÓN Y COPYRIGHT
Producción, publicación, distribución, fabricación y copyright México:
Nombre del de productor, editor, distribuidor, fabricante Instituto de Investigaciones Dr. José María Luis Mora,
Fecha de producción, publicación, distribución, fabricación o copyright 2018
300 ## - DESCRIPCIÓN FÍSICA
Extensión 513 páginas:
Otras características físicas ilustraciones, planos, fotografías en blanco y negro;
Dimensiones 23 cm
336 ## - TIPO DE CONTENIDO
Término de tipo de contenido texto
Código de tipo de contenido txt
Fuente rdacontent
337 ## - TIPO DE MEDIO
Nombre/término del tipo de medio sin medio
Código del tipo de medio n
Fuente rdamedia
338 ## - TIPO DE SOPORTE
Nombre/término del tipo de soporte volumen
Código del tipo de soporte nc
Fuente rdacarrier
490 0# - MENCIÓN DE SERIE
Mención de serie Historia urbana y regional (Instituto Mora)
504 ## - NOTA DE BIBLIOGRAFÍA, ETC.
Nota de bibliografía, etc. Nota Incluye referencias bibliográficas
541 0# - NOTA DE FUENTE DE ADQUISICIÓN DIRECTA
Fuente de adquisición Instituto Mora
Forma de adquisición Depósito
650 #7 - PUNTO DE ACCESO ADICIONAL DE MATERIA--TÉRMINO DE MATERIA
Término de materia o nombre geográfico como elemento de entrada Espacios públicos
Subdivisión geográfica México
Subdivisión general Historia
-- Alocuciones, ensayos, conferencias
9 (RLIN) 181305
650 #7 - PUNTO DE ACCESO ADICIONAL DE MATERIA--TÉRMINO DE MATERIA
Término de materia o nombre geográfico como elemento de entrada Jardines
Subdivisión geográfica México
Subdivisión general Historia
-- Alocuciones, ensayos, conferencias
9 (RLIN) 195065
650 #7 - PUNTO DE ACCESO ADICIONAL DE MATERIA--TÉRMINO DE MATERIA
Término de materia o nombre geográfico como elemento de entrada Parques
Subdivisión geográfica México
Subdivisión general Historia
-- Alocuciones, ensayos, conferencias
9 (RLIN) 195066
650 #7 - PUNTO DE ACCESO ADICIONAL DE MATERIA--TÉRMINO DE MATERIA
Término de materia o nombre geográfico como elemento de entrada Políticas públicas
Subdivisión geográfica México
Subdivisión general Historia
-- Alocuciones, ensayos, conferencias
9 (RLIN) 195067
650 #7 - PUNTO DE ACCESO ADICIONAL DE MATERIA--TÉRMINO DE MATERIA
Término de materia o nombre geográfico como elemento de entrada Urbanizacion
Subdivisión geográfica Mexico
Subdivisión general Historia
-- Alocuciones, ensayos, conferencias
9 (RLIN) 100866
651 #7 - PUNTO DE ACCESO ADICIONAL DE MATERIA--NOMBRE GEOGRÁFICO
Nombre geográfico México
Subdivisión general Vida social y costumbres
Subdivisión cronológica Siglo XIX
Subdivisión general Alocuciones, ensayos, conferencias
9 (RLIN) 15594
651 #7 - PUNTO DE ACCESO ADICIONAL DE MATERIA--NOMBRE GEOGRÁFICO
Nombre geográfico México
Subdivisión general Vida social y costumbres
Subdivisión cronológica Siglo XX
Subdivisión general Alocuciones, ensayos, conferencias
9 (RLIN) 153530
710 2# - ENTRADA AGREGADA--NOMBRE DE ENTIDAD CORPORATIVA
Nombre de entidad corporativa o nombre de jurisdicción como elemento de entrada Instituto de Investigaciones Dr. José María Luis Mora (Ciudad de México)
9 (RLIN) 23049
900 ## - ELEMENTOS DE DATOS A LOCAL, LDA (RLIN)
Nombre de persona CATY
Numeración 30
Títulos y otros términos asociados al nombre 20191018
Lenguaje de la obra MOR01
-- 0930
900 ## - ELEMENTOS DE DATOS A LOCAL, LDA (RLIN)
Nombre de persona KLASY
Numeración 30
Títulos y otros términos asociados al nombre 20191021
Lenguaje de la obra MOR01
-- 1434
900 ## - ELEMENTOS DE DATOS A LOCAL, LDA (RLIN)
Nombre de persona KLASY
Numeración 30
Títulos y otros términos asociados al nombre 20191021
Lenguaje de la obra MOR01
-- 1440
900 ## - ELEMENTOS DE DATOS A LOCAL, LDA (RLIN)
Nombre de persona LUIS
Numeración 20
Títulos y otros términos asociados al nombre 20191016
Lenguaje de la obra MOR01
-- 1229
900 ## - ELEMENTOS DE DATOS A LOCAL, LDA (RLIN)
Nombre de persona LUIS
Numeración 20
Títulos y otros términos asociados al nombre 20191016
Lenguaje de la obra MOR01
-- 1229
900 ## - ELEMENTOS DE DATOS A LOCAL, LDA (RLIN)
Nombre de persona VOBO
Numeración 40
Títulos y otros términos asociados al nombre 20191022
Lenguaje de la obra MOR01
-- 1046
900 ## - ELEMENTOS DE DATOS A LOCAL, LDA (RLIN)
Nombre de persona VOBO
Numeración 40
Títulos y otros términos asociados al nombre 20191024
Lenguaje de la obra MOR01
-- 1546
904 ## - ELEMENTOS DE DATOS D LOCAL, LDD (RLIN)
a UPDATE
942 ## - ELEMENTOS DE ENTRADA SECUNDARIOS (KOHA)
Código de la institución [OBSOLETO] BK
901 ## - ELEMENTOS DE DATOS A LOCAL LDA (RLIN)
a batch batch
Holdings
Estatus retirado Estado de pérdida Fuente del sistema de clasificación o colocación Estado de daño No para préstamo Colección Biblioteca de origen Biblioteca actual Ubicación en estantería Fecha de adquisición Fuente de adquisición Enumeración/cronología de publicación seriada Número de inventario Total de préstamos Signatura topográfica completa Código de barras Visto por última vez Precio de reemplazo Tipo de ítem Koha Fecha del último préstamo
    Clasificación Decimal Dewey     Publicaciones Mora (General) Biblioteca Instituto Mora Biblioteca Instituto Mora Regular 21/10/2019   ej. 2 136300   (GM)/712.5 ALA.d 33006801140059 03/09/2024 03/09/2024 Libro préstamo regular  
    Clasificación Decimal Dewey     Publicaciones Mora (General) Biblioteca Instituto Mora Biblioteca Instituto Mora Regular 18/10/2019     136301 2 (GM)/712.5 ALA.d 33068011391577 29/10/2025 03/09/2024 Libro préstamo regular 22/10/2025